000 00492nam a2200157 a 4500
001 000043419
005 20201002040909.0
008 140314s1989 cl a 000 0 spa d
020 _a9589522920
040 _aDO-SdBNP
_bspa
_cBNPHU
082 _axxxxxxx
_bxxxxxx
245 0 0 _aCausa 1/89 :
_bfin de la conexión urbana.
260 _aColombia, :
_bJosé Martí
_bPlus,
_c1989.
300 _a481 p. :
_bil. ;
_c22 cm.
504 _aIncluye referencias bibliográficas y notas al pie de las páginas
999 _c42908
_d42908